| 000 | 00501nam a2200193Ia 4500 | ||
|---|---|---|---|
| 003 | LK-CoDNM | ||
| 008 | 010623t2004 xxu||||| |||| 00| 1 sin d | ||
| 040 |
_aLK-CoDNM _dLK-CoDNM _eLK-CoDNM |
||
| 041 | _asin | ||
| 080 |
_a796 _bGUN |
||
| 100 | _aGunawardena, Kanthi | ||
| 245 | _aහරස් පද පර්හේලිකා | ||
| 246 | _aCrossword puzzles | ||
| 260 |
_bSarasavi prakashakayo _aNugegoda _c2004 |
||
| 300 | _b15, 29 cm | ||
| 650 | _aPuzzles | ||
| 650 | _aSports | ||
| 942 | _cBK | ||
| 999 |
_c124271 _d124271 |
||